000 00978nam a2200265 a 4500
001 67714
003 BD-RjUL
005 20211209081703.0
008 500101r19351929ilua 001 0 eng d
035 _a(BD-RjUL)
040 _aDLC
_cYNG
_dEQO
_dBD-RjUL
_beng
041 _aeng
082 _a640
_223
_bJUH 1935
100 1 _aJustin, Margaret M.,
_d1889-
_9200750
245 1 0 _aHome living /
_cby Margaret M. Justin, Lucile Osborn Rust.
260 _aChicago :
_bJ. B. Lippincott company,
_c1935.
300 _axviii, 605 p. :
_bill. ;
_c21 cm
490 _aLippincott's home economics texts
500 _a"A completely rewritten and reset volume, based on the authors' earlier work, Problems In Home living, 1929, by J.B. Lippincott Company"
504 _aInclues index and References at end of each chapter.
650 0 _aHome economics
_9200751
700 1 _aRust, Lucile Osborn,
_d1890-
_9200752
830 _aLippincott's home economics texts
_9200754
942 _2ddc
_cBK
999 _c67714
_d67714